Stochastic Programming

Αποθηκεύτηκε σε:
Λεπτομέρειες βιβλιογραφικής εγγραφής
Κύριος συγγραφέας: Kall, Peter
Άλλοι συγγραφείς: Wallace, Stein W. 1956-
Μορφή: Βιβλίο
Γλώσσα:English
Δημοσίευση: Chichester ; Toronto : John Wiley, c1994
Σειρά:Wiley-Interscience series in systems and optimization
Θέματα:
Ετικέτες: Προσθήκη ετικέτας
Δεν υπάρχουν, Καταχωρήστε ετικέτα πρώτοι!

MARC

LEADER 00000nam a2200000 i 4500
001 1/38536
008 950126s1994 eng d
020 |a 0-471-95158-7 
020 |a 0-471-95108-0 
035 |a 1995  |c ΠΑΠΑΔΟΠΟΥΛΟΣ  |l 10040789 
040 |a GR-MY-UA  |b gre  |e aacr 
041 0 |a eng 
082 0 |a 519.7 
100 1 |a Kall, Peter. 
245 1 0 |a Stochastic Programming /  |c Peter Kall, Stein W. Wallace 
260 |a Chichester ; Toronto :   |b John Wiley,   |c c1994 
300 |a xii, 307 p.;  |b ill.;  |c 23 cm. 
490 1 |a Wiley-Interscience series in systems and optimization 
500 |a Includes bibliographical references and index 
650 0 0 |a Stochastic programming. 
700 1 |a Wallace, Stein W.  |d 1956- 
830 0 |a Wiley-Interscience series in systems and optimization 
852 |a INST  |b SAMOS  |e 19950126  |h 519.7 KAL  |p 005300006236  |q 005300006236  |t BK  |y 0 
852 |a INST  |b SAMOS  |e 19990505  |h 519.7 KAL  |p 005300012739  |q 005300012739  |t BK  |y 0 
901 |a BIBL-1999-2 
909 |a Σ  |b 035589 
909 |a Σ  |b 063728 
922 |a 3ΕΛΗ  |b 199901  |c ΚΠΣ  |d GLORY